000 00527nam a2200121Ia 4500
008 171212s9999 xx 000 0 und d
020 _a9780833042194
100 _aDavis, Paul K.;Shaver, Russell D.;Gvineria, Gaga;Beck, Justin
245 _cDavis, Paul K.;Shaver, Russell D.;Gvineria, Gaga;Beck, Justin
_aFinding Candidate Options for Investment
_bFrom Building Blocks to Composite Options and Preliminary Screening
260 _bRAND Corporation
_c2008
650 _aTechnology
856 _uwww.jstor.org/stable/10.7249/tr501osd
999 _c352091
_d352091